Normal view
MARC view
- Avalos, Mariano
Entry Nombre Personal
001 - NUMERO DE CONTROL
- campo de control: 39640
003 - IDENTIFICADOR DE NUMERO DE CONTROL
- campo de control: UPN
005 - FECHA Y HORA DE LA ÜLTIMA TRANSACCIÓN
- campo de control: 20210219194548.0
008 - DATOS DE LONGITUD FIJA
- campo de control de longitud fija: nabaccnnaabn|||||||||| b |nc|||||d
035 ## - NUMERO DE CONTROL
- Número de control: UPN11000011747
040 ## - FUENTE DE CATALOGACIÓN
- Lenguaje de catalogación: SPA
- Agencia de transcripción: UPN
100 1# - ENCABEZAMIENTO - NOMBRE PERSONAL
- Nombre personal: Avalos, Mariano
670 ## - FUENTE EN LA QUE SE LOCALIZARON DATOS
- Cita de la fuente: LC
680 ## - NOTA PUBLICA DE ACCESO PÚBLICO
- Encabezamiento o subdivisión: Argentino con Lic. en Tecnología Educativa
902 ## - CATALOGADOR
- Catalogador: CAA/240117
